Music General Knowledge #1 - Statistics

General Stats
  • This quiz has been taken 36,303 times
    23,260 since last reset
  • The average score is 13 of 20
Answer Stats
Question Answer % Correct
Who died in 1791 in Vienna while working on a Requiem? Wolfgang Amadeus Mozart
87%
What are Fenders and Gibsons? Guitars
85%
What are Glastonbury, Coachella, and Bonnaroo? Music Festivals
85%
What song by Billy Joel is frequently requested at dueling piano bars? Piano Man
79%
What woman do many people blame, fairly or not, for breaking up the Beatles? Yoko Ono
79%
What teenage artist won a Grammy for her 2019 song "Bad Guy"? Billie Eilish
76%
What voice-altering technology was famously used by T-Pain and Cher? Auto-Tune
72%
What type of shoes did Carl Perkins and Elvis Presley sing about? Blue Suede Shoes
72%
Who famously wore a cone-shaped bra? Madonna
72%
What French electronic music duo almost always wear helmets when appearing in public? Daft Punk
69%
Who, according to the Police, doesn't have to "put on the red light"? Roxanne
68%
The song "Sunday Bloody Sunday" was about a massacre on which island? Ireland
66%
What instrument is like a flute but smaller? Piccolo
62%
What country's famine in the 1980s inspired the charity songs "We Are the World" and "Do They Know It's Christmas"? Ethiopia
58%
What time signature is a waltz in? 3/4
56%
What is either a popular heavy metal band or a supposed medieval torture device? Iron Maiden
52%
Complete the lyric: Come, Mister tally man, tally me ... Banana
45%
What instrument was made obsolete by the piano? Harpsichord
44%
Who did June Carter marry? Johnny Cash
44%
Who originally wrote the song "All Along the Watchtower", famously covered by Jimi Hendrix? Bob Dylan
42%
No matching quizzes found
Score Distribution
Percent of People with Each Score
Percentile by Number Answered
Your Score History
You have not taken this quiz since the last reset